01002nam a22002537a 45000010005000000030006000050050017000110080041000280200018000690400029000870500010001160820012001261000018001382450066001562600038002223000044002604900023003045050008003275200316003355210020006515210020006716500025006917000032007165139FISKH20241107123234.0241107b cb ||||| |||| 00| 0 eng d a9781407104256 aFISKHbengcFISKHdFISKH aPS430 a972.018 aDeary, Terry  aAngry Aztecs / cby Terry Deary : illustrated by Martin Brown aNew York : bScholastic ;c1997 . a138 pages : billustrations ;c21 cm .  aHorrible Histories aW  aDiscover all the cut-throat facts about the Angry Aztecs with history's most horrible headlines: Aztec edition. Jump into Aztec life with Terry Deary, the master of making history fun. Discover why the Aztecs liked to eat scum, when the world is going to end and why they loved drinking wine with live toads in.8 a870 bLexile 8 aW bRaz-Plus  ahistoryvnon-fiction aBrown, Martineillustrator